Les 10 films les plus vues sur letterboxd - Statistiques

Statistiques générales
  • Ce quiz a été pris 240 fois
    239 depuis la dernière actualisation
  • Le résultat moyen est 7 sur 10
Statistiques - réponses
Classement Date de sortie Réalisateur(s) Films % Correct
2ème 2019 Bong Joon-ho Parasite
91%
6ème 2014 Christopher Nolan Interstellar
79%
9ème 1994 Quentin Tarantino Pulp Fiction
78%
1er 2023 Greta Gerwig Barbie
77%
7ème 2023 Christopher Nolan Oppenheimer
77%
3ème 1999 David Fincher Fight Club
73%
5ème 2016 Damien Chazelle La La Land
60%
10ème 2014 Damien Chazelle Whiplash
54%
8ème 2019 Todd Phillips Joker
36%
4ème 2022 Daniel Scheinert, Daniel Kwan Everything Everywhere All at Once
28%
Aucun quiz correspondant
Distribution des résultats
% des personnes avec chaque résultat
Percentile par nombre de réponses
Votre historique - résultats
Vous n’avez pas pris ce quiz depuis la dernière actualisation